| 000 | 00646nam a2200217 a 4500 | ||
|---|---|---|---|
| 999 |
_c10336 _d10336 |
||
| 001 | 10336 | ||
| 003 | BD-JhCC | ||
| 005 | 20180424095411.0 | ||
| 008 | 180424s2014 bg |||| ||a| 000 0 ben d | ||
| 035 | _a(BD-JhCC)10336 | ||
| 040 |
_aBD-JhCC _dBD-JhCC |
||
| 041 | _aben | ||
| 082 |
_a891.4415 _bKAM 2014 |
||
| 100 | _aকামাল, সুফিয়া | ||
| 245 |
_aশ্রেষ্ঠ কবিতা / _cসুফিয়া কামাল, |
||
| 260 |
_aঢাকা : _bকালিকলম প্রকাশনী, _c2014 |
||
| 300 |
_a254 p. : _c22 cm. |
||
| 650 | _aSelective Poems | ||
| 942 |
_2ddc _cBK |
||